| 000 | 02482cam a22006015i 4500 | ||
|---|---|---|---|
| 001 | data | ||
| 005 | 20260322212106.0 | ||
| 008 | data | ||
| 035 | _a23248903 | ||
| 906 |
_a0 _bibc _ccopycat _d3 _encip _f20 _gy-nonroman |
||
| 925 | 0 |
_aacquire _b1 shelf copy _xpolicy default |
|
| 010 | _a 2023380812 | ||
| 020 |
_a9787521611090 _q(set) |
||
| 020 |
_a7521611098 _q(set) |
||
| 035 | _a(OCoLC)1226475701 | ||
| 040 |
_aBCBTC _beng _erda _cBCBTC _dDLC _dOCLCO _dOCLCF _dOCLCO _dDLC |
||
| 042 | _alccopycat | ||
| 043 | _aa-cc--- | ||
| 066 | _c$1 | ||
| 097 | 0 | 0 |
_aKNQ858 _b.M5644 2020 |
| 245 | 0 | 0 |
_6880-01 _aMin fa dian ping zhu. _pHe tong bian, dian xing he tong yu zhun he tong / _cXie Hongfei, Zhu Guangxin zhu bian. |
| 880 | 0 | 0 |
_6245-01/$1 _a$1!FM!G*!3,'XN'XL(B. _p$1'^]!5C'Q[(B, $1!3,!81'^]!5C'T2'HK'^]!5C(B / _c$1'Y8'b<'`c(B, $1!Co'=*!Be!09'Q[(B. |
| 246 | 3 | 0 |
_6880-02 _aHe tong bian, dian xing he tong yu zhun he tong |
| 880 | 3 | 0 |
_6246-02/$1 _a$1'^]!5C'Q[(B, $1!3,!81'^]!5C'T2'HK'^]!5C(B |
| 250 |
_6880-03 _aDi 1 ban. |
||
| 880 |
_6250-03/$1 _a$1!Os(B1$1!JH(B. |
||
| 264 | 1 |
_6880-04 _aBeijing : _bZhongguo fa zhi chu ban she, _c2020. |
|
| 880 | 1 |
_6264-04/$1 _a$1!4I!0a(B : _b$1!04K7o!G*'Wl!3K!JH!Na(B, _c2020. |
|
| 300 |
_a4 volumes ; _c24 cm. |
||
| 336 |
_atext _btxt _2rdacontent |
||
| 337 |
_aunmediated _bn _2rdamedia |
||
| 338 |
_avolume _bnc _2rdacarrier |
||
| 490 | 1 |
_6880-05 _aZhongguo she hui ke xue yuan fa xue yan jiu suo min fa dian yan jiu cong shu |
|
| 880 | 1 |
_6490-05/$1 _a$1!04K7o!Na'CZ!O(':`!^z!G*':`KN7!ON!?u!FM!G*!3,KN7!ON'5+'CU(B |
|
| 504 | _aIncludes bibliographical references. | ||
| 650 | 0 |
_aContracts _zChina. |
|
| 650 | 0 | _aContracts. | |
| 650 | 2 |
_aContracts _0(DNLM)D032982 |
|
| 650 | 6 |
_aContrats _zChine. _0(CaQQLa)201-0476619 _0(CaQQLa)201-0476619 |
|
| 650 | 6 |
_aContrats. _0(CaQQLa)201-0003159 |
|
| 650 | 7 |
_acontracts. _2aat _0(CStmoGRI)aat300027649 |
|
| 650 | 7 |
_aContracts. _2fast _0(OCoLC)fst00876969 |
|
| 651 | 7 |
_aChina. _2fast _0(OCoLC)fst01206073 |
|
| 700 | 1 |
_6880-06 _aXie, Hongfei, _eeditor. |
|
| 880 | 1 |
_6700-06/$1 _a$1'Y8'b<'`c(B, _eeditor. |
|
| 700 | 1 |
_6880-07 _aZhu, Guangxin, _eeditor. |
|
| 880 | 1 |
_6700-07/$1 _a$1!Co'=*!Be(B, _eeditor. |
|
| 830 | 0 |
_6880-08 _aZhongguo she hui ke xue yuan fa xue yan jiu suo min fa dian yan jiu cong shu. |
|
| 880 | 0 |
_6830-08/$1 _a$1!04K7o!Na'CZ!O(':`!^z!G*':`KN7!ON!?u!FM!G*!3,KN7!ON'5+'CU(B. |
|
| 923 |
_d20230307 _nUS01223108 _sCNP |
||
| 985 |
_aCNP load-new _d2023-06-26 |
||
| 999 |
_c1562 _d1562 |
||